000 00248 a2200085 4500
020 _a 9781452165936
100 _aSerge Bloch and Frederic Boyer
245 _aIn the Beginning: Illustrated Stories from the Old Testament
260 _bChronicle Books
_c2017
999 _c13232
_d13232